La grande tourmente, d'après les prédictions de Nostradamus et la chronologie prophétique de la grande pyramide /

محفوظ في:

المؤلف الرئيسي: Foretich, Rodolphe. (مؤلف)

مؤلفون آخرون: Nostradamus, 1503-1566.

التنسيق: كتاب

اللغة: English

منشور في: Le Caire : [publisher not identified], 1942.

الموضوعات:

الوسوم: إضافة وسم

لا توجد وسوم, كن أول من يضع وسما على هذه التسجيلة!

رقم الطلب: BF1815 .N8 F65 v.1-2

LEADER 00704nam a22002291 4500
001 1478
003 OSt
005 20250917113543.0
008 130303s1942 ua 000 0 eng d
035 |a tmp00551004 
040 |c ARCE Library 
049 |a EARC 
050 4 |a BF1815 .N8 F65 v.1-2 
100 1 |a Foretich, Rodolphe.  |e author  |9 30144 
245 1 3 |a La grande tourmente, d'après les prédictions de Nostradamus et la chronologie prophétique de la grande pyramide /   |c R. Foretich. 
264 1 |a Le Caire :   |b [publisher not identified],   |c 1942. 
300 |a 2 volumes ;   |c 21 cm. 
650 0 |a Prophecies. 
700 0 |a Nostradamus,   |d 1503-1566. 
901 |a reviewed 
942 |c BK  |2 lcc 
999 |c 2441  |d 2441